| 000 | 00447cam a2200181ua 4500 | ||
|---|---|---|---|
| 020 | _c60.00 | ||
| 041 |
_aeng _h |
||
| 082 |
_a181.4 _bRAD/IN |
||
| 100 | _aRadhakrishnan, . | ||
| 245 |
_aIndian philosophy,Vol 1 / _cRadhakrishnan. _hTextual Documents |
||
| 250 |
_a7 / _b. |
||
| 260 |
_aLondon : _bMacMillan and Company Limited , _c1962. |
||
| 300 | _a785 ; . | ||
| 365 | _a60.00 | ||
| 504 | _a | ||
| 942 | _cBK | ||
| 999 |
_c2160 _d2160 |
||